Shakespeare Plays Quiz Stats

 Plays Quiz Updated Apr 4, 2014

     
Support Sporcle.
Go Orange.
Score 0/38 Timer 10:00
107 Plays Today
Play % Correct
Romeo and Juliet
94.1%
Hamlet
90.8%
Macbeth
87.5%
A Midsummer Night's Dream
83.3%
Othello
81%
Henry V
78.3%
King Lear
75%
2 Henry VI
73%
1 Henry VI
73%
3 Henry VI
73%
Richard II
72.9%
The Tempest
71.4%
Richard III
69%
1 Henry IV
68.4%
2 Henry IV
68.4%
Julius Caesar
68.2%
The Taming of the Shrew
67.8%
The Merchant of Venice
66.6%
Much Ado about Nothing
63.6%
Play % Correct
Twelfth Night
63.6%
Henry VIII
61.2%
Antony and Cleopatra
59.1%
As You Like It
55%
The Merry Wives of Windsor
50.4%
The Two Gentlemen of Verona
50%
All's Well That Ends Well
48.9%
Titus Andronicus
48.6%
King John
48.4%
The Winter's Tale
47.9%
The Comedy of Errors
45.1%
Love's Labour's Lost
43.2%
Troilus and Cressida
40.9%
Coriolanus
40.4%
Measure for Measure
39.8%
Cymbeline
38.1%
Timon of Athens
37.5%
Pericles
35.5%
The Two Noble Kinsmen
28.5%

From the Vault

1-10 Letter I Words II

by sproutcm

In Scrabble, 1-letter words are illegal and 10-letter words are truly impressive.
Remove Ads.
Support Sporcle.
Get the best of Sporcle when you Go Orange. This ad-free experience offers more features, more stats, and more fun while also helping to support Sporcle. Thank you for becoming a member.

Show Comments

Extras

Top Quizzes Today


Score Distribution

Your Account Isn't Verified!

In order to create a playlist on Sporcle, you need to verify the email address you used during registration. Go to your Sporcle Settings to finish the process.

Report this User

Report this user for behavior that violates our Community Guidelines.

Details: